000 00300nam a2200109Ia 4500
008 220214s9999 xx 000 0 und d
100 _aCockbain E.G
245 4 _aThe Aggregation of oil particles in emulsions
260 _bTransactions of the Faraday Society
_c1952
300 _a185-196
942 _cRE
999 _c45986
_d45986